Estimating the risk of inflation in property investments (Record no. 77584)
[ view plain ]
| 000 -LEADER | |
|---|---|
| fixed length control field | 01227cab a2200193 4500 |
| 001 - CONTROL NUMBER | |
| control field | ##L134591 |
| 008 - FIXED-LENGTH DATA ELEMENTS--GENERAL INFORMATION | |
| fixed length control field | 060818n2006 000 0 eng u |
| 035 ## - SYSTEM CONTROL NUMBER | |
| System control number | (Sirsi) u134591 |
| 041 0# - LANGUAGE CODE | |
| Language code of text/sound track or separate title | eng |
| 100 1# - MAIN ENTRY--PERSONAL NAME | |
| Personal name | Wood, Ernest |
| 245 00 - TITLE STATEMENT | |
| Title | Estimating the risk of inflation in property investments |
| 260 ## - PUBLICATION, DISTRIBUTION, ETC. | |
| Date of publication, distribution, etc. | 2006 |
| 490 #0 - SERIES STATEMENT | |
| Series statement | Journal of Property Investment and Finance |
| Volume/sequential designation | 24(5) 2006, 452-461(10) |
| 520 ## - SUMMARY, ETC. | |
| Summary, etc. | Property returns are normally measured against the target rate for similar investments with comparable risks and liquidity. However, this analysis is normally undertaken in nominal terms and thus the risk of inflation as it affects different investments is not fully quantified. This article seeks to analyse the effect of inflation on property investments. Finds that investors may take a more pessimistic view of future inflation as an investment risk than the current official indices would indicate. It may be that retail price index and index adjusted for mortgage payments are not reliable indicators of inflation risk. [Taken from journal abstract]. |
| 590 ## - LOCAL NOTE (RLIN) | |
| Local note | IKA220806 |
| 651 #4 - SUBJECT ADDED ENTRY--GEOGRAPHIC NAME | |
| Geographic name | United Kingdom |
| Chronological subdivision | |
| 690 ## - LOCAL SUBJECT ADDED ENTRY--TOPICAL TERM (OCLC, RLIN) | |
| Topical term or geographic name as entry element | PROPERTY-PROPERTY FINANCE AND INVESTMENT-PROPERTY INVESTMENT MANAGEMENT |
| 942 ## - ADDED ENTRY ELEMENTS (KOHA) | |
| Suppress in OPAC | 0 |
| Withdrawn status | Lost status | Source of classification or shelving scheme | Damaged status | Not for loan | Home library | Current library | Shelving location | Date acquired | Total Checkouts | Full call number | Barcode | Date last seen | Copy number | Price effective from | Koha item type |
|---|---|---|---|---|---|---|---|---|---|---|---|---|---|---|---|
| Dewey Decimal Classification | London | London | Journal article | 18/08/2006 | L134591 | 134591-1001 | 06/08/2019 | 1 | 06/08/2019 | Journal article |